| 000 | 00498nam a2200169Ia 4500 | ||
|---|---|---|---|
| 003 | GCL | ||
| 008 | 140319s9999 xx 000 0 eng d | ||
| 040 |
_aGCL / _cGCL |
||
| 082 | 0 | 4 |
_a553.61 _bD C |
| 100 | 1 | _aDIXON, KEITH A. | |
| 245 | 1 | 0 |
_aCERAMICS FROM TWO PRECLASSIC PERIODS AT CHIAPA DE CORZO , CHIAPAS , MEXICO / _cDIXON, KEITH A. |
| 260 |
_a[S.N] : _bNEW WORLD ARCHAEOLOGICAL FOUNDATION ، _c1959 |
||
| 300 | _a51 P P | ||
| 650 | 0 | 4 | _aCERAMICS |
| 650 | 0 | 4 | _aCERAMIC METALS |
| 942 |
_2ddc _cBK |
||
| 999 |
_c12157 _d12157 |
||